| 000 | 01173nam0a22003131 4500 | ||
|---|---|---|---|
| 001 | RU\INFOCOMM_327\NLR\5000061609 | ||
| 005 | 20250613112533.0 | ||
| 035 | _a(NLR Aleph) 009612754 | ||
| 090 |
_a9382522 _c9382522 |
||
| 100 | _a20130318d1978 |||y0rusy50 ca | ||
| 101 | 1 |
_aeng _crus |
|
| 102 | _aRU | ||
| 105 | _ay z ||||| | ||
| 200 | 1 |
_aElastic-plastic fracture mechanics _e[Transl. from the Russ.] _fV. Z. Parton, E. M. Morozov |
|
| 205 | _a[Rev. from the 1974 Russ. ed.] | ||
| 210 |
_aM. _c"Mir" _d1978 |
||
| 215 |
_a430 с. _cил. _d21 см |
||
| 300 | _aДоп. тит. л. на рус. яз.: В. З. Партон, Е. М. Морозов. Механика упруго-пластического разрушения | ||
| 320 | _aБиблиогр.: с. 409-427 | ||
| 513 | 1 |
_aМеханика упруго-пластического разрушения _zrus |
|
| 620 | _aМосква | ||
| 686 |
_aВ251.37 _2rubbk |
||
| 700 | 1 |
_aParton _bV. Z. _f1937- _gVladimir Zalmanovič |
|
| 701 | 1 |
_aMorozov _bE. M. _gEvgenij Michajlovič |
|
| 801 | 1 |
_aRU _bInfocomm _c20130318 |
|
| 801 | 0 |
_aRU _bINFOCOMM _gPSBO |
|
| 852 |
_aNLR _jМх01 Д-3/22 |
||
| 942 | _cBOOK | ||
| 980 | _aNB | ||